| 000 | 00500nam a2200169 a 4500 | ||
|---|---|---|---|
| 005 | 20210223121117.0 | ||
| 008 | 991125 mx 000 0 spa u | ||
| 035 | _aUPN01000012453 | ||
| 049 | _aSEP | ||
| 050 | 4 |
_aLB1578 A3.33 _bI5.29 |
|
| 245 | 0 | 0 |
_aCuaderno de trabajo driqui de San Juan Copala / _cInstituto Nacional Indigenista. |
| 260 |
_aMéxico : _bINI. |
||
| 300 |
_a112 p. : _bil. |
||
| 650 | 4 |
_aCARTILLA DRIQUI _97941 |
|
| 710 | 2 | _aInstituto Nacional Indigenista (México) | |
| 905 | _aLibro | ||
| 999 |
_c12453 _d12453 |
||